[Event "BEL-chT 2324"]
[Site "Belgium"]
[Date "2023.10.15"]
[Round "2.8"]
[White "Sidiropoulos, Nikolaos1"]
[Black "De Geest, Hannes"]
[Result "1-0"]
[WhiteElo "2210"]
[BlackElo "1978"]
[PlyCount "65"]
[EventDate "2023.09.24"]
[EventType "team-tourn"]
[EventRounds "11"]
[EventCountry "BEL"]
[SourceTitle "EXT 2025"]
[Source "ChessBase"]
[SourceDate "2024.10.14"]
[SourceVersion "1"]
[SourceVersionDate "2024.10.14"]
[SourceQuality "1"]
[WhiteTeam "Crelel"]
[BlackTeam "KGSRL"]
[WhiteTeamCountry "BEL"]
[BlackTeamCountry "BEL"]

1. d4 d5 2. c4 e6 3. Nf3 Nf6 4. g3 dxc4 5. Qa4+ Nbd7 6. Bg2 a6 7. Qxc4 b5 8. Qc2 Bb7 9. 0-0 c5 10. a4 Be7 11. dxc5 Bxc5 12. Bg5 Rc8 13. Qd3 Qb6 14. axb5 Ng4 15. bxa6 Nxf2 16. Rxf2 Bxf2+ 17. Kf1 Ba8 18. Nc3 Bc5 19. Rd1 Bc6 20. Ne4 0-0 21. Nxc5 Nxc5 22. Be3 Nxd3 23. Bxb6 Nxb2 24. Ra1 Nc4 25. Bf2 Rfd8 26. Nd4 Nd2+ 27. Kg1 Bxg2 28. Kxg2 Ne4 29. a7 Nxf2 30. Nc6 Re8 31. Ne7+ Kf8 32. Nxc8 Rxc8 33. a8Q 1-0